UM Logo

Moral philosophy : (Record no. 2146)

MARC details
000 -LEADER
fixed length control field 00637nam a22002057a 4500
003 - CONTROL NUMBER IDENTIFIER
control field OSt
005 - DATE AND TIME OF LATEST TRANSACTION
control field 20160503085731.0
008 - FIXED-LENGTH DATA ELEMENTS--GENERAL INFORMATION
fixed length control field 160430b xxu||||| |||| 00| 0 eng d
020 ## - INTERNATIONAL STANDARD BOOK NUMBER
International Standard Book Number 971-8581-86-3
040 ## - CATALOGING SOURCE
Transcribing agency LIC
082 ## - DEWEY DECIMAL CLASSIFICATION NUMBER
Edition number 2005
Classification number DFil 170
Item number Ar7m
100 ## - MAIN ENTRY--PERSONAL NAME
9 (RLIN) 6975
Personal name Articulo, Archimedes C.
245 ## - TITLE STATEMENT
Title Moral philosophy :
Remainder of title an introduction/
Statement of responsibility, etc. Archimedes C. Articulo; edited by Ernie T. Bhagwani.
260 ## - PUBLICATION, DISTRIBUTION, ETC. (IMPRINT)
Place of publication, distribution, etc. Quezon City :
Name of publisher, distributor, etc. Great Books Pub.,
Date of publication, distribution, etc. c2005.
300 ## - PHYSICAL DESCRIPTION
Extent xvii, 304 pages ;
Dimensions 22cm.
500 ## - GENERAL NOTE
General note Includes bibliography.
650 #0 - SUBJECT ADDED ENTRY--TOPICAL TERM
9 (RLIN) 6976
Topical term or geographic name as entry element Ethics
700 ## - ADDED ENTRY--PERSONAL NAME
9 (RLIN) 6977
Personal name Bhagwani, Ernie T.
Relator term editor.
942 ## - ADDED ENTRY ELEMENTS (KOHA)
Source of classification or shelving scheme Dewey Decimal Classification
Koha item type Filipiniana
Holdings
Withdrawn status Lost status Source of classification or shelving scheme Damaged status Not for loan Collection code Home library Current library Date acquired Source of acquisition Total Checkouts Full call number Barcode Date last seen Copy number Price effective from Koha item type
    Dewey Decimal Classification     Filipiniana UM Digos College - LIC UM Digos College - LIC 09/26/2005 Purchased   DFil 170 Ar7m 2005 18243 05/15/2025 1 04/30/2016 Filipiniana